Unscramble the words countries - Statistics

General Stats
  • This quiz has been taken 75 times
  • The average score is 9 of 11
Answer Stats
Scramble word Answer % Correct
AACDNA Canada
99%
ZWIBBMAE Zimbabwe
99%
DINAI India
96%
GNOTA Tonga
90%
VTACINATIYC Vatican City
90%
AFNLDIN Finland
87%
DAMOINCI Dominica
82%
AERMCAIUTNIDETAESTSFO United States of America
79%
ILSNSDSHMRALL Marshall Islands
75%
SETAREIMUTNIDERAAB United Arab Emirates
72%
ASGNIOPER Singapore
65%
No matching quizzes found
Score Distribution
Percent of People with Each Score
Percentile by Number Answered
Your Score History
You have not taken this quiz